00983cam a22002293a 450000100060000000300060000600500170001200800410002904000150007004200070008505000070009210000380009924500720013726000290020950503210023850600300055951600200058965300610060965300120067083000290068285600420071132576PGUSA20140828083715.0100528s2010||||xxu|||||s|||||000 1 eng d aPGUSAbeng adc 4aPR1 aGeorge, Walter Lionel,d1882-192612aA Novelist on Novelsh[electronic resource] /cWalter Lionel George bProject Gutenberg,c20100 aA deceptive dedication -- Litany of the novelist -- Who is the man? -- Three young novelists: D. H. Lawrence, Amber Reeves, Sheila Kaye-Smith -- Form and the novel -- Sincerity: the publisher and the policeman -- Three comic giants: Tartarin, Falstaff, Mùˆnchausen -- The esperanto of art -- The twilight of genius. aPublic domain in the USA. aElectronic text aEnglish fiction -- 20th century -- History and criticism aFiction 0aProject Gutenbergv3257640uhttp://www.gutenberg.org/ebooks/32576